000
00332nam a2200133Ia 4500
008
191201s1993 xx 000 0 und d
082
_a
677.02832
_b
LEH
100
_a
LEVIN, Menachem
245
0
_a
High Technology Fibers Part C
260
_a
New York
_b
Marcel Dekker
_c
1993
300
_a
376
650
_a
B.Tech(TE)
942
_2
ddc
_c
BK
999
_c
4502
_d
4502